000 00657 a2200181 4500
999 _c4234
_d4234
020 _a9780304338689
050 0 0 _aLB2805GUN 1997
100 1 _aGunter, Helen.
245 1 0 _aRethinking education :
_bthe consequences of Jurassic management /
_cHelen Gunter.
264 _aLondon ; Herndon,
_b VA : Cassell,
_cC1997
300 _ax, 129 p. :
500 _aincludes index
504 _aIncludes bibliographical references (p. [115]-124) and indexes.
650 0 _aSchool management and organization.
650 0 _aUniversities and colleges
_xAdministration.
942 _2lcc
_cBK
_h2805
_iGUN
_kLB